Air Niugini Destinations - Statistics

General Stats
  • This quiz has been taken 17 times
  • The average score is 12 of 28
Answer Stats
Country Destination % Correct
Australia Brisbane
100%
China Hong Kong
100%
Papua New Guinea Port Moresby
100%
Singapore Singapore
100%
Australia Sydney
100%
Vanuatu Port Vila
86%
Australia Cairns
79%
Solomon Islands Honiara
79%
Philippines Manila
79%
Fiji Nadi
71%
Papua New Guinea Lae
64%
Papua New Guinea Mount Hagen
43%
Papua New Guinea Rabaul
36%
Papua New Guinea Madang
29%
Papua New Guinea Wewak
21%
Papua New Guinea Alotau
14%
Papua New Guinea Goroka
14%
Papua New Guinea Popondetta
14%
Papua New Guinea Daru
7%
Papua New Guinea Hoskins
7%
Papua New Guinea Kavieng
7%
Papua New Guinea Kiunga
7%
Papua New Guinea Manus Island
7%
Papua New Guinea Tari
7%
Papua New Guinea Vanimo
7%
Papua New Guinea Buka Island
0%
Papua New Guinea Tabubil
0%
Papua New Guinea Wapenamanda
0%
No matching quizzes found
Score Distribution
Percent of People with Each Score
Percentile by Number Answered
Your Score History
You have not taken this quiz